Cuentos universales
Gespeichert in:
| Format: | Buch |
|---|---|
| Sprache: | Spanisch |
| Veröffentlicht: |
Santiago
Andrés Bello
1978
|
| Ausgabe: | 1a. ed |
| Schriftenreihe: | Biblioteca Andrés Bello, 13
|
| Schlagworte: | |
| Tags: |
Tag hinzufügen
Keine Tags, Fügen Sie den ersten Tag hinzu!
|
MARC
| LEADER | 00000nam a2200000 a 4500 | ||
|---|---|---|---|
| 001 | UCH6896 | ||
| 003 | CL-VaPUC | ||
| 008 | 091109e19780000CL |||||||||||||||||spa|d | ||
| 082 | 0 | 4 | |a 808.068 |b CUE |2 21 |
| 245 | 1 | 0 | |a Cuentos universales |
| 250 | |a 1a. ed | ||
| 300 | |a 209 p | ||
| 942 | |c BK | ||
| 945 | |d 20091109 00:00:00 |a ccalabra | ||
| 260 | |a Santiago |b Andrés Bello |c 1978 | ||
| 500 | |a Selección y prólogo de Hugo Montes B, ilustraciones de Carla María Davanzo | ||
| 500 | |a <La >caída de la casa Usher, Edgar Allan Poe | ||
| 500 | |a <El >corazón delator, Edgar Allan Poe | ||
| 500 | |a <El >pozo y el péndulo, Edgar Allan Poe | ||
| 500 | |a <La >loca, Guy de Maupassant | ||
| 500 | |a San Antonio, Guy de Maupassant | ||
| 500 | |a <El >amigo fiel, Oscar Wilde | ||
| 500 | |a <El >ruiseñor y la rosa, Oscar Wilde | ||
| 500 | |a <La >señora del perro, Anton Chejov | ||
| 500 | |a Una noche de espanto, Anton Chejov | ||
| 500 | |a Una cruza, Franz Kafka | ||
| 500 | |a <La >edificación de la Muralla China, Franz Kafka | ||
| 500 | |a Alma de niño, Hermann Hesse | ||
| 650 | 0 | |a Literatura |9 259151 | |
| 650 | 0 | |a Literatura universal |9 420446 | |
| 650 | 7 | |a NOVELAS |2 CL-VaPUC |9 333250 | |
| 650 | 0 | |a Autores |9 344486 | |
| 650 | 0 | |a Narrativa |9 336727 | |
| 650 | 0 | |a Lectura |9 307634 | |
| 650 | 0 | |a Ficción |9 376687 | |
| 583 | |a last modification |c 20091109 00:00:00 |k Rodrigo Vera | ||
| 490 | 0 | |a Biblioteca Andrés Bello, 13 | |
| 999 | |c 337697 |d 337695 | ||